[Event "Quebec-ch U14"]
[Site "Montreal"]
[Date "2011.11.26"]
[Round "2"]
[White "Smirnov, Arteme"]
[Black "Gu, Sheng Ming"]
[Result "0-1"]
[WhiteElo "1380"]
[BlackElo "1657"]
[PlyCount "110"]
[EventDate "2011.11.25"]
[EventType "swiss"]
[EventRounds "5"]
[EventCountry "CAN"]
[SourceTitle "EXT 2022"]
[Source "ChessBase"]
[SourceDate "2021.10.06"]
[SourceVersion "1"]
[SourceVersionDate "2021.10.06"]
[SourceQuality "1"]

1. e4 c5 2. Nf3 e6 3. d4 cxd4 4. Nxd4 Nf6 5. Nc3 Nc6 6. Bg5 Bb4 7. Nxc6 bxc6 8. Bd3 Qa5 9. Bxf6 gxf6 10. Qd2 d5 11. exd5 cxd5 12. Be2 e5 13. 0-0 d4 14. a3 Bxc3 15. bxc3 dxc3 16. Qd6 Qb6 17. Rfd1 Be6 18. Rab1 Qxd6 19. Rxd6 Ke7 20. Rc6 Rhc8 21. Rb7+ Kf8 22. Rxc8+ Rxc8 23. Bd3 a5 24. Rb5 a4 25. Ra5 Bd7 26. Bxh7 Rb8 27. f3 Rb1+ 28. Kf2 Bb5 29. Ra8+ Kg7 30. Be4 Ra1 31. Ke3 Re1+ 32. Kf2 Re2+ 33. Kg1 Re1+ 34. Kf2 Ra1 35. Rb8 Bd7 36. Rb7 Be6 37. Ke3 Rxa3 38. Kd3 f5 39. Bc6 Ra1 40. Kxc3 a3 41. Ra7 a2 42. Bd7 Bxd7 43. Kb2 Rg1 44. Kxa2 Be6+ 45. Kb2 Rxg2 46. Ra5 f6 47. Ra6 Bd5 48. Ra7+ Kh6 49. Ra6 Bxf3 50. Rxf6+ Kg5 51. Rf8 Rxh2 52. Kb3 Bd5+ 53. c4 Rh3+ 54. Kb4 Rh4 55. Rc8 Rxc4+ 0-1